| 000 | 01483aab a2200229 i 4500 | ||
|---|---|---|---|
| 001 | 768714001 | ||
| 003 | CO-MdFUSB | ||
| 005 | 20230605161635.0 | ||
| 008 | 171123s2013 ck ||||| |||| 00| 0 spa d | ||
| 022 | _a0120-3649 | ||
| 040 |
_aCO-MdFUSB _bspa _cCO-MdFUSB _dCO-MdFUSB |
||
| 041 | _aspa | ||
| 100 | 1 |
_aMafla Terán, Nelson _eautor |
|
| 245 | 0 | 0 |
_aFunción de la religión en la vida de las personas según la psicología de la religión _c/ Nelson Mafla Terán |
| 300 |
_aVolumen 63. Número 176 (2013), páginas 429-459 _c: 24 cm. |
||
| 520 | 1 | _aLa ciencia y la técnica son portadoras de conocimiento y de innegable bienestar, pero por sí solas no son portadoras de sentido, de utopía, de guía, de soporte, de poder vital y de esperanza ante la adversidad, el dolor y la muerte. De ahí que la religión siga teniendo un lugar y una función preeminentes en la vida de las personas; una función que la psicología de la religión clásica ha estudiado desde sus inicios y, que hoy, cuando el sentido, la esperanza y las utopías se erosionan, es necesario rescatar para la construcción y la orientación de los procesos vitales de los hombres y las mujeres del siglo XXI. | |
| 650 | 1 | 4 | _aRELIGIÓN |
| 653 | _aSentido | ||
| 773 | 0 |
_tTheologica Xaveriana _049424 _959865 _gVolumen 63. Número 176 (2013), páginas 429-459 _qPágina 429 |
|
| 773 | 0 |
_tTheologica Xaveriana _049424 _981967 _gVolumen 63. Número 176 (2013), páginas 429-459 _qPágina 429 _oR14380 |
|
| 942 | _cANA | ||
| 999 |
_c63572 _d63572 |
||